00837nam a22001577a 4500020001500000040000600015082001800021100001700039245004800056250001600104260003800120300001400158505046500172650002400637651001800661 a0071007857 c0 a621.38275,KEI aKeiser, Gerd aOptical Fiber Communications /cGerd Keiser a2nd Edition aSingaporebMcGraw Hill Bookc1991 axx, 461 p aOverview of Optical Fiber Communications (Page-1), Optical Fibers Structures, Waveguiding and Fabrication (Page-16), Signal Degradation in Optical Fibers (Page-86), Optical Sources (Page-130), Power Launching and Coupling (Page-196), Photodectors (Page-234), Optical Receiver Operation (Page--267), Digital Transmission Systems (Page-315), Analog Systems (Page-357), Coherent Optical Fiber Communications (Page-376), Advanced Systems and Techniques (Page-399). aFiber Communication aOptical Fiber